[Event "Visma Chess IM B"]
[Site "Vaxjo"]
[Date "2015.06.26"]
[Round "4"]
[White "Fries-Nielsen, Jens Ove"]
[Black "Pohjala, Henri"]
[Result "1/2-1/2"]
[WhiteElo "2442"]
[BlackElo "2404"]

1.e4 e5 2.Nf3 d6 3.c3 c6 4.d4 Qc7 5.Bc4 h6 6.Nbd2 Nf6 7.Bb3 Be7 8.a3 Nbd7 
9.h3 Nf8 10.Nh4 g6 11.g3 Ne6 12.Nhf3 Kf8 13.Ba2 Kg7 14.b4 exd4 15.cxd4 d5 
16.e5 Ne4 17.Nxe4 dxe4 18.Nh2 a5 19.b5 Qb6 20.d5 cxd5 21.Qxd5 Rd8 22.Qxe4 
Qxb5 23.Rb1 Qc6 24.Qxc6 bxc6 25.O-O Nd4 26.Kg2 c5 27.Ng4 h5 28.Ne3 Bd7 29.
Bd5 Ra7 30.Bd2 Bb5 31.Rfe1 Bd3 32.Rb7 Rxb7 33.Bxb7 Rd7 34.Bf3 Nxf3 35.Kxf3
Ba6 36.Rd1 Rd3 37.Bxa5 Rxa3 38.Rd7 Kf8 39.Bd8 Bxd8 40.Rxd8+ Ke7 41.Rd6 
Bb7+ 42.Kf4 Ra4+ 43.Kg5 Re4 44.Nd5+ Bxd5 45.Rxd5 c4 46.f4 c3 47.Rc5 Re3 
48.Kh4 Rf3 49.Rc4 Ke6 50.Rc7 f5 51.Rc5 Re3 52.g4 Rf3 53.Kg5 hxg4 54.hxg4 
Rg3 55.Kh6 Rxg4 56.Rxc3 Rxf4 57.Kxg6 Rg4+ 58.Kh5 Rg1 59.Ra3 f4 60.Kh4 Kxe5
61.Ra5+ Ke4 62.Ra4+ Kf3 63.Ra3+ Ke2 64.Ra2+ Kd3 65.Ra3+ Ke4 1/2-1/2

[Event "Visma Chess IM B"]
[Site "Vaxjo"]
[Date "2015.06.26"]
[Round "4"]
[White "Rahul Kumar, Pune"]
[Black "Andersson, Tommy"]
[Result "0-1"]
[WhiteElo "2138"]
[BlackElo "2400"]

1.e4 c5 2.Nf3 d6 3.d4 cxd4 4.Nxd4 Nf6 5.Nc3 a6 6.h3 h5 7.Be3 b5 8.Be2 Bb7 
9.Bf3 Nbd7 10.Nd5 e6 11.Nxf6+ Qxf6 12.Qe2 Qe5 13.O-O-O Be7 14.g3 Rc8 15.
Bg2 Bxe4 16.Bf4 Bxc2 17.Bxe5 Bd3+ 18.Kd2 Bxe2 19.Bxg7 Rh7 20.Nxe2 Rxg7 21.
Bb7 Rb8 22.Bc6 Kd8 23.Bxd7 Kxd7 24.h4 Bf6 25.Nf4 Rh7 26.Kc2 Be5 27.Nh3 
Rc8+ 28.Kb3 d5 29.Rhe1 Bd6 30.Rd3 Rc4 31.a3 f6 32.Ree3 d4 33.Re2 e5 34.Ng1
Rc1 35.Nf3 Re7 36.Rdd2 Re8 37.Rc2 Rc8 38.Rxc8 Rxc8 39.Nd2 Ke6 40.Ne4 f5 
41.Ng5+ Kd5 42.Rd2 e4 43.a4 d3 44.axb5 axb5 45.Nf7 Be7 46.Rd1 Rc2 47.f3 
Bf6 48.Nh6 Rxb2+ 49.Ka3 b4+ 50.Ka4 Kc4 51.Ra1 d2 52.Nxf5 d1=Q+ 0-1

[Event "Visma Chess IM B"]
[Site "Vaxjo"]
[Date "2015.06.26"]
[Round "4"]
[White "Christiansen, Johan-Sebastian"]
[Black "Bellon Lopez, Juan Manuel"]
[Result "1-0"]
[WhiteElo "2397"]
[BlackElo "2374"]

1.Nf3 c5 2.c4 Nc6 3.Nc3 Nd4 4.e3 Nxf3+ 5.Qxf3 g6 6.d4 Bg7 7.Qd1 d6 8.Be2 
Nh6 9.dxc5 dxc5 10.Qb3 O-O 11.O-O Nf5 12.Rd1 Nd6 13.Qa3 Be6 14.Qxc5 Bxc3 
15.bxc3 Qc8 16.Qb4 a5 17.Qb1 Nxc4 18.e4 Ra6 19.Bh6 Rb6 20.Qc1 Rd8 21.Qg5 
f6 22.Rxd8+ Qxd8 23.Qc5 Rc6 24.Qa7 Qb6 25.Qb8+ Rc8 26.Qg3 Nd6 27.Bg4 Nxe4 
28.Qe3 Qc6 29.Bxe6+ Qxe6 30.Re1 f5 31.f3 g5 32.Bxg5 Nxg5 33.Qxg5+ Qg6 34.
Qxe7 Qb6+ 35.Kh1 Rf8 36.h3 Qc6 37.Re3 a4 38.f4 Rf6 39.Qd8+ Kg7 40.Re7+ Rf7
41.Re8 Qf6 42.Rg8+ Kh6 43.Qd5 Qe7 44.Kh2 Rf6 45.Rg5 Qe4 46.Qd2 Rg6 47.h4 
Rxg5 48.hxg5+ Kg7 49.Kg3 Kf7 50.Qd7+ Kf8 51.Qd8+ Kf7 52.Qf6+ Kg8 53.Qe5 
Qd3+ 54.Kh2 b5 55.a3 Kf7 56.Qh8 Ke6 57.Qg8+ Kd7 58.Qxh7+ Kc6 59.g6 Qd6 60.
Qh6 Qf6 61.Qg5 Qh8+ 62.Kg1 Qg7 63.Qxf5 Qxc3 1-0

[Event "Visma Chess IM B"]
[Site "Vaxjo"]
[Date "2015.06.26"]
[Round "4"]
[White "Drugge, Patrick"]
[Black "Von Bahr, Oskar"]
[Result "0-1"]
[WhiteElo "2175"]
[BlackElo "2381"]

1.e4 c5 2.Nc3 e6 3.g3 d5 4.Bg2 Nf6 5.d3 dxe4 6.dxe4 Qxd1+ 7.Nxd1 Nc6 8.Ne3
h5 9.Bd2 Ng4 10.Ne2 Nb4 11.Nxg4 hxg4 12.Bxb4 cxb4 13.Nf4 Bd6 14.O-O-O Ke7 
15.h3 Bxf4+ 16.gxf4 Rh4 17.e5 Bd7 18.Bxb7 Rb8 19.hxg4 Rxg4 20.f3 Rxf4 21.
Be4 Rb5 22.Rh5 g6 23.Bxg6 Bc6 24.Bd3 Ra5 25.Be2 Rxa2 26.Kb1 Ra5 27.Rd6 
Bxf3 28.Bxf3 Rxf3 29.Rd4 Rf1+ 0-1

[Event "Visma Chess GM"]
[Site "Vaxjo"]
[Date "2015.06.26"]
[Round "5"]
[White "Svane, Rasmus"]
[Black "Solodovnichenko, Yuri"]
[Result "1/2-1/2"]
[WhiteElo "2520"]
[BlackElo "2587"]

1.d4 d5 2.c4 c6 3.Nf3 Nf6 4.Nc3 e6 5.Bg5 dxc4 6.e4 b5 7.e5 h6 8.Bh4 g5 9.
Bg3 Nd5 10.Nd2 Nd7 11.Be2 Bb7 12.a4 a6 13.O-O c5 14.Bf3 cxd4 15.Nxd5 exd5 
16.e6 fxe6 17.Bh5+ Ke7 18.Nf3 Bg7 19.Re1 Nc5 20.Ne5 d3 21.Qd2 a5 22.axb5 
Ne4 23.Rxe4 dxe4 24.Qc3 Kf8 25.Qa3+ Kg8 26.Bf7+ Kh7 27.Bg6+ Kg8 28.Bf7+ 
Kh7 29.Bg6+ Kg8 30.Bf7+ 1/2-1/2

[Event "Visma Chess GM"]
[Site "Vaxjo"]
[Date "2015.06.26"]
[Round "5"]
[White "Berg, Emanuel"]
[Black "Fernandez, Daniel H"]
[Result "1-0"]
[WhiteElo "2558"]
[BlackElo "2447"]

1.e4 g6 2.d4 Bg7 3.Nc3 a6 4.Be3 b5 5.Qd2 Bb7 6.f3 d6 7.h4 h6 8.O-O-O Nd7 
9.Kb1 c5 10.dxc5 Nxc5 11.Nh3 Rc8 12.Nf4 b4 13.Ncd5 a5 14.Bb5+ Bc6 15.Bxc5 
Bxb5 16.Bb6 Qd7 17.Bxa5 Nf6 18.Nb6 Qc7 19.Nxc8 Qxa5 20.Nxd6+ exd6 21.Qxd6 
Nd7 22.Nd5 Kd8 23.Nb6 Qa6 24.Qb8+ Ke7 25.Rxd7+ Bxd7 26.Nd5+ Ke6 27.Nc7+ 
Ke5 28.Ne8+ Kd4 29.Qxb4+ Ke3 30.Nxg7 Qf6 31.Qe1+ Kf4 32.g3+ 1-0

[Event "Visma Chess GM"]
[Site "Vaxjo"]
[Date "2015.06.26"]
[Round "5"]
[White "Ochsner, Bjorn Moller"]
[Black "Rusev, Krasimir"]
[Result "0-1"]
[WhiteElo "2413"]
[BlackElo "2541"]

1.d4 d5 2.c4 dxc4 3.e3 e5 4.Bxc4 Nc6 5.Nf3 e4 6.Nfd2 Qg5 7.Nxe4 Qxg2 8.Ng3
Nf6 9.Bf1 Qd5 10.Nc3 Bb4 11.Bd2 Bxc3 12.bxc3 O-O 13.c4 Qd8 14.Bg2 Re8 15.
O-O Ne7 16.Bc3 Nf5 17.d5 Nxg3 18.hxg3 Ne4 19.Qd4 Nxc3 20.Qxc3 Bf5 21.Qd4 
f6 22.Rfd1 Qe7 23.c5 Qd7 24.d6 c6 25.a4 Qf7 26.a5 a6 27.e4 Be6 28.Rab1 
Rad8 29.Rb4 g5 30.Rdb1 Bc8 31.Bf1 Kg7 32.Bc4 Qd7 33.Bf1 h5 34.R4b3 Re5 35.
Bg2 g4 36.Rf1 Qe6 37.f4 Rxc5 38.e5 Rc2 39.Qd3 Ra2 40.exf6+ Qxf6 41.Rd1 
Rxa5 42.Rb4 Ra1 43.Rxa1 Qxa1+ 44.Kh2 Qf6 45.Re4 Rxd6 46.Qb3 Re6 47.Rxe6 
Qxe6 48.Qc3+ Qf6 49.Qa5 Bf5 50.Qc7+ Qf7 51.Qe5+ Kg6 52.Qd6+ Qf6 53.Qc7 h4 
54.Qxb7 hxg3+ 55.Kxg3 Qc3+ 56.Kf2 g3+ 57.Ke2 Bg4+ 0-1

[Event "Visma Chess GM"]
[Site "Vaxjo"]
[Date "2015.06.26"]
[Round "5"]
[White "Smith, Axel"]
[Black "Tari, Aryan"]
[Result "1/2-1/2"]
[WhiteElo "2452"]
[BlackElo "2521"]

1.d4 Nf6 2.c4 g6 3.Nc3 d5 4.cxd5 Nxd5 5.Bd2 Bg7 6.e4 Nxc3 7.Bxc3 O-O 8.Qd2
c5 9.d5 Bxc3 10.bxc3 Qd6 11.f4 Rd8 12.Nf3 Nd7 13.Rd1 e5 14.dxe6 Qxe6 15.
Ne5 Rf8 16.Bc4 Qe7 17.Qd6 Qxd6 18.Rxd6 Nxe5 19.fxe5 Be6 20.Bxe6 fxe6 21.
Rf1 Rxf1+ 22.Kxf1 Re8 23.Rd7 Rf8+ 24.Ke2 Rf7 25.Rd8+ Rf8 26.Rd7 Rf7 27.
Rd8+ Rf8 28.Rd6 Rf4 29.Ke3 Rf1 30.Rxe6 Kf7 31.Rd6 Ke7 32.h4 Rc1 33.h5 
Rxc3+ 34.Kf4 Rc2 35.hxg6 hxg6 36.Rxg6 Rf2+ 37.Ke3 Rxa2 38.Rg7+ Ke6 39.Rxb7
Rxg2 40.Rxa7 Kxe5 41.Re7+ Kd6 42.Re8 Ra2 43.Rd8+ Ke6 44.Rd2 Rxd2 45.Kxd2 
Ke5 46.Kd3 Kf4 47.Kc4 Kxe4 48.Kxc5 1/2-1/2

[Event "Visma Chess GM"]
[Site "Vaxjo"]
[Date "2015.06.26"]
[Round "5"]
[White "Westerberg, Jonathan"]
[Black "Johansson, Linus"]
[Result "1/2-1/2"]
[WhiteElo "2443"]
[BlackElo "2391"]

1.e4 e6 2.d4 d5 3.Nc3 Bb4 4.e5 c5 5.Bd2 Ne7 6.Nb5 Bxd2+ 7.Qxd2 O-O 8.f4 
cxd4 9.Nf3 Bd7 10.Nbxd4 Nbc6 11.Bd3 Nxd4 12.Nxd4 Nc6 13.Nf3 f6 14.O-O-O 
Qa5 15.Qxa5 Nxa5 16.exf6 gxf6 17.Rhe1 Rad8 18.Bf1 b6 19.g3 Rfe8 20.Bg2 Nc6
21.Rd2 Kf7 22.Nh4 Ne7 23.b3 Bc6 24.Bh3 Bd7 25.Rde2 Ng6 26.f5 exf5 27.Nxf5 
Bxf5 28.Rxe8 Rxe8 29.Rxe8 Kxe8 30.Bxf5 Ke7 31.Kd2 Kd6 32.Ke3 Ke5 33.Bd3 f5
34.Kf3 Kf6 35.Be2 Ke5 36.Ke3 Nf8 37.Bb5 Ne6 38.h4 h6 39.Bd7 Nc5 40.Bc8 Ne4
41.g4 Nd6 1/2-1/2

[Event "Visma Chess IM A"]
[Site "Vaxjo"]
[Date "2015.06.26"]
[Round "5"]
[White "Pettersson, Anders"]
[Black "Milchev, Nikolay"]
[Result "1/2-1/2"]
[WhiteElo "2310"]
[BlackElo "2395"]

1.d4 d6 2.Nf3 g6 3.c4 Bg7 4.e4 Nf6 5.Nc3 O-O 6.Be2 e5 7.O-O Nbd7 8.Be3 Qe7
9.Qc2 c6 10.dxe5 dxe5 11.Ne1 Nc5 12.Bxc5 Qxc5 13.Nd3 Qe7 14.Rfe1 Rd8 15.
Bf1 Ne8 16.b4 Nc7 17.b5 Ne6 18.bxc6 bxc6 19.Rab1 Nd4 20.Qa4 Qc7 21.Rb2 Bf8
22.Reb1 Ne6 23.Nb4 Rd6 24.Nd3 Rd4 25.Nb4 Bxb4 26.Qxb4 Ba6 27.f3 h5 28.Na4 
Rad8 29.Nc5 Nxc5 30.Qxc5 Rd1 31.Rxd1 Rxd1 32.Kf2 Kg7 33.Be2 Rd7 34.g3 f6 
35.Rb4 Bc8 36.Ra4 Qb6 37.Qxb6 axb6 38.Ra8 Bb7 39.Ra7 c5 40.a4 Kf7 41.a5 
bxa5 42.Rxa5 Rc7 43.Bd1 Ke7 44.Ba4 Bc8 45.Ra8 Be6 46.Bb5 Bc8 1/2-1/2

[Event "Visma Chess IM A"]
[Site "Vaxjo"]
[Date "2015.06.26"]
[Round "5"]
[White "Shkuran, Daniil"]
[Black "Frisk, Ellinor"]
[Result "1-0"]
[WhiteElo "2389"]
[BlackElo "2249"]

1.e4 c5 2.Nf3 g6 3.d4 cxd4 4.Nxd4 Nc6 5.Nc3 Bg7 6.Nde2 Nf6 7.g3 b6 8.Bg2 
Ba6 9.O-O d6 10.Re1 O-O 11.f4 Rc8 12.h3 e5 13.f5 Ne7 14.g4 h6 15.Ng3 Bb7 
16.h4 gxf5 17.exf5 Bxg2 18.Kxg2 Rc4 19.g5 Ng4 20.Re4 Rxe4 21.Ncxe4 d5 22.
Qxg4 dxe4 23.gxh6 Ng6 24.hxg7 Kxg7 25.fxg6 fxg6 26.h5 1-0

[Event "Visma Chess IM A"]
[Site "Vaxjo"]
[Date "2015.06.26"]
[Round "5"]
[White "Livner, Anders"]
[Black "Carstensen, Jacob"]
[Result "1-0"]
[WhiteElo "2347"]
[BlackElo "2358"]

1.d4 d5 2.c4 e6 3.Nc3 c6 4.e4 dxe4 5.Nxe4 Bb4+ 6.Bd2 Qxd4 7.Bxb4 Qxe4+ 8.
Be2 Na6 9.Ba5 f6 10.Nf3 b6 11.Bc3 e5 12.O-O Ne7 13.Nxe5 fxe5 14.Bh5+ g6 
15.Re1 Qh4 16.Bf3 O-O 17.Rxe5 Nc7 18.g3 Qf6 19.Re3 Qg5 20.Qd4 Ne6 21.Rxe6 
Bxe6 22.Qg7# 1-0

[Event "Visma Chess IM A"]
[Site "Vaxjo"]
[Date "2015.06.26"]
[Round "5"]
[White "Cederstam Barsk, Carl"]
[Black "Lindgren, Philip"]
[Result "0-1"]
[WhiteElo "2336"]
[BlackElo "2374"]

1.e4 c5 2.Nf3 d6 3.d4 cxd4 4.Nxd4 Nf6 5.Nc3 a6 6.Be2 e5 7.Nb3 Be7 8.Be3 
Be6 9.O-O O-O 10.Qd3 Nbd7 11.Nd5 Bxd5 12.exd5 Nc5 13.Nxc5 dxc5 14.Rfd1 Bd6
15.Bg5 h6 16.Bh4 e4 17.Qh3 Qe7 18.Qf5 Qd7 19.Bg4 Qxf5 20.Bxf5 g5 21.Bg3 
Rad8 22.c4 h5 23.Bxd6 Rxd6 24.b4 cxb4 25.h4 gxh4 26.Rab1 a5 27.a3 b5 28.
axb4 bxc4 29.bxa5 Ra8 30.Rb5 c3 31.Rc1 Rda6 32.Rb4 Rxa5 33.Bxe4 Ra1 34.
Rbb1 Rxb1 35.Bxb1 Ra3 36.d6 Kf8 37.Bf5 Ke8 38.Re1+ Kd8 39.Rb1 Ra8 40.Rc1 
Ra5 41.Bh3 Rc5 42.f3 Ne8 43.d7 Nf6 44.Kf2 Nxd7 45.Bxd7 Kxd7 46.Ke3 c2 47.
Kd4 Kd6 48.f4 Rc8 49.Ke4 Ke6 50.Kf3 Kf5 51.Ke3 Kg4 52.Kf2 Kxf4 53.g4 hxg3+
54.Kg2 Kg4 55.Rh1 Rd8 56.Rd1 cxd1=N 0-1

[Event "Visma Chess IM A"]
[Site "Vaxjo"]
[Date "2015.06.26"]
[Round "5"]
[White "Kvisvik, Brede Alexander"]
[Black "Rydstrom, Tom"]
[Result "1/2-1/2"]
[WhiteElo "2293"]
[BlackElo "2282"]

1.Nf3 d5 2.c4 e6 3.g3 dxc4 4.Qa4+ Bd7 5.Qxc4 b5 6.Qc2 c5 7.Ne5 Nc6 8.Nxd7 
Qxd7 9.Bg2 Nf6 10.O-O Be7 11.a4 b4 12.d3 Rc8 13.Nd2 O-O 14.Nc4 Nd5 15.e3 
Nb6 16.Rd1 Rfd8 17.b3 Nxc4 18.bxc4 Bf6 19.Bb2 Bxb2 20.Qxb2 Qe7 21.a5 Qf6 
22.Qa2 Rd6 23.Rac1 Qd8 24.Qa4 Nxa5 25.Ra1 Nc6 26.d4 Qc7 27.dxc5 Rxd1+ 28.
Rxd1 g6 29.Bxc6 Qxc6 30.Qxb4 h5 31.h4 Qxc5 32.Rd8+ Kh7 33.Qxc5 Rxc5 34.Rd7
Kg7 35.Rxa7 Rxc4 36.Kg2 Kf6 37.Kf3 Rb4 38.Rc7 Ra4 39.Rd7 Rb4 40.Rc7 Ra4 
41.Rd7 1/2-1/2

[Event "Visma Chess IM B"]
[Site "Vaxjo"]
[Date "2015.06.26"]
[Round "5"]
[White "Pohjala, Henri"]
[Black "Olofsson-Dolk, Mattis"]
[Result "1/2-1/2"]
[WhiteElo "2404"]
[BlackElo "2238"]

1.d4 Nf6 2.Nf3 g6 3.g3 Bg7 4.Bg2 d5 5.O-O O-O 6.c4 dxc4 7.Ne5 c5 8.dxc5 
Qc7 9.Nxc4 Qxc5 10.Ne3 Nc6 11.Nc3 Be6 12.Qa4 Rfd8 13.Nc2 Nd5 14.Ne4 Qa5 
15.Qxa5 Nxa5 16.Nc5 Bg4 17.e4 Rac8 18.exd5 Rxc5 19.Ne3 Bd7 20.Rb1 Nc4 21.
b3 Nxe3 22.Bxe3 Rc2 23.a4 b6 24.Be4 Rb2 25.Rxb2 Bxb2 26.Kg2 Rc8 27.Rd1 Be5
28.Bd4 Bxd4 29.Rxd4 Rc3 30.Rd3 Rxd3 31.Bxd3 e6 32.Bc4 exd5 33.Bxd5 Kf8 34.
Kf3 Ke7 35.Ke4 f6 36.Kd4 Kd6 37.Bg8 h6 38.f4 g5 39.Bc4 gxf4 40.gxf4 Bf5 
41.b4 Bc2 42.a5 bxa5 43.bxa5 Bf5 1/2-1/2

[Event "Visma Chess IM B"]
[Site "Vaxjo"]
[Date "2015.06.26"]
[Round "5"]
[White "Andersson, Tommy"]
[Black "Drugge, Patrick"]
[Result "1/2-1/2"]
[WhiteElo "2400"]
[BlackElo "2175"]

1.d4 d5 2.Nf3 e6 3.g3 f5 4.Bg2 Nf6 5.O-O Bd6 6.c4 c6 7.Qc2 O-O 8.b3 Qe7 9.
Nc3 Nbd7 10.Bd2 Ne4 11.Nxe4 fxe4 12.Ng5 e5 13.f3 h6 14.Nh3 Nf6 15.cxd5 
cxd5 16.fxe4 Bxh3 17.Bxh3 Nxe4 18.Be3 exd4 19.Bxd4 a6 20.Rxf8+ Rxf8 21.Rf1
Rxf1+ 22.Kxf1 Qf8+ 23.Kg1 Be5 24.Qb2 Qb4 25.Be6+ Kh8 26.Bxe5 Qe1+ 27.Kg2 
Qf2+ 28.Kh3 Ng5+ 29.Kg4 Nxe6 30.Qc2 Nd4 31.Bxd4 Qxd4+ 32.Kf3 Qf6+ 33.Kg2 
b5 34.Qd3 Qe6 35.a4 bxa4 36.bxa4 a5 37.e3 Qc6 38.Kh3 Qe6+ 39.Kg2 Qc6 40.
Kf3 Qc1 41.Kf4 Qc7+ 42.Kf3 Qc1 43.Kg4 Qc8+ 44.Qf5 Qc4+ 45.Qf4 Qe2+ 46.Kf5 
Qc2+ 47.Ke5 Qb3 48.Qd4 Kh7 49.Kd6 Kh8 50.g4 Qb8+ 51.Kxd5 Qxh2 52.Kc5 h5 
53.gxh5 Qxh5+ 54.Kb6 Kh7 55.e4 g5 56.e5 Qg6+ 57.Kxa5 g4 58.Qd7+ Kh6 59.e6 
Qf5+ 60.Ka6 g3 61.Qd2+ Kh5 62.Qe2+ Kg6 63.e7 Qc8+ 64.Kb5 Qb8+ 65.Kc5 Kf7 
66.Qe4 Qc7+ 67.Kb5 Qd7+ 68.Ka5 Qxe7 69.Qf4+ Ke8 70.Qxg3 Qc5+ 71.Ka6 Qc6+ 
1/2-1/2

[Event "Visma Chess IM B"]
[Site "Vaxjo"]
[Date "2015.06.26"]
[Round "5"]
[White "Bellon Lopez, Juan Manuel"]
[Black "Fries-Nielsen, Jens Ove"]
[Result "1/2-1/2"]
[WhiteElo "2374"]
[BlackElo "2442"]

1.d4 d6 2.Nf3 Nd7 3.g3 g6 4.Bg2 Bg7 5.O-O e6 6.a4 Ne7 7.c3 Rb8 8.Na3 b6 9.
e4 a6 10.Re1 Bb7 11.d5 exd5 12.exd5 O-O 13.c4 Re8 14.Qc2 Nc5 15.Be3 Nf5 
16.Bxc5 bxc5 17.Rxe8+ Qxe8 18.Re1 Qd8 19.Nb1 Bc8 20.b3 Bd7 21.Nbd2 Qf6 22.
Bf1 h5 23.Bd3 Nh6 24.Kg2 Ng4 25.Ne4 Qd8 26.h3 Nh6 27.Qd1 Nf5 28.Bc2 c6 29.
Kh2 h4 30.g4 Nd4 31.Nxd4 Bxd4 32.Qd2 cxd5 33.cxd5 Bc8 34.Kg1 Bb7 35.g5 Kg7
36.Qf4 Qe7 37.Qxd6 Qxd6 38.Nxd6 Bxd5 39.Ne8+ Kf8 40.Nf6 Bxf6 41.gxf6 Bxb3 
42.Bxb3 Rxb3 43.Rc1 Rf3 44.Rxc5 Rxf6 45.Rc4 g5 46.Rc5 Rg6 47.Kg2 Kg7 48.
Kf3 Kh6 49.Rf5 Rc6 50.Rxf7 Kg6 51.Rd7 Rc3+ 52.Kg2 Rc6 53.Kf3 Rc3+ 54.Kg2 
Rc6 1/2-1/2

[Event "Visma Chess IM B"]
[Site "Vaxjo"]
[Date "2015.06.26"]
[Round "5"]
[White "Von Bahr, Oskar"]
[Black "Christiansen, Johan-Sebastian"]
[Result "0-1"]
[WhiteElo "2381"]
[BlackElo "2397"]

1.c4 e5 2.g3 Nc6 3.Bg2 Bc5 4.Nc3 d6 5.Nf3 a6 6.d3 Nge7 7.a3 O-O 8.O-O h6 
9.h3 Be6 10.Kh2 Ba7 11.b4 Qd7 12.Rb1 f5 13.e3 Ng6 14.Nd5 Nd8 15.Qc2 Nf7 
16.Bd2 b5 17.e4 c6 18.exf5 Bxf5 19.Ne3 Be6 20.Rbc1 Rac8 21.a4 d5 22.axb5 
axb5 23.Rfe1 bxc4 24.dxc4 e4 25.Ra1 exf3 26.Rxa7 Qxa7 27.Qxg6 fxg2 28.Qxe6
Rfe8 29.Qf5 Qd4 30.Rd1 Ng5 31.cxd5 Rf8 32.Qg4 Qf6 33.Nxg2 Nf3+ 34.Kh1 cxd5
35.Bf4 Ne5 36.Qh5 Nf7 37.Qxd5 Rcd8 38.Qb3 Rxd1+ 39.Qxd1 Qb2 40.Qd2 Qb1+ 
41.Kh2 Rd8 42.Qe1 Qb2 43.g4 Qd4 44.Bc7 Rf8 45.Qe6 Qxf2 46.Bd6 Qb6 0-1

[Event "Visma Chess GM"]
[Site "Vaxjo"]
[Date "2015.06.27"]
[Round "6"]
[White "Solodovnichenko, Yuri"]
[Black "Berg, Emanuel"]
[Result "1/2-1/2"]
[WhiteElo "2587"]
[BlackElo "2558"]

1.e4 e6 2.d4 d5 3.Nc3 h6 4.Bd3 Nf6 5.e5 Nfd7 6.Nce2 b6 7.Nf3 a5 8.O-O Ba6 
9.b3 b5 10.c3 c5 11.c4 bxc4 12.bxc4 Nb6 13.cxd5 Bxd3 14.Qxd3 Nxd5 15.Ba3 
Nd7 16.Rac1 cxd4 17.Bxf8 Kxf8 18.Nexd4 g6 19.Nc6 Qb6 20.Nfd4 Kg7 21.Rb1 
Qa6 22.Qxa6 Rxa6 23.Rb7 Nc5 24.Rb5 Nd3 25.Rd1 N3b4 26.Nxe6+ fxe6 27.Rb7+ 
Kf8 28.Nxb4 axb4 29.Rb8+ Kg7 30.Rb7+ Kf8 31.Rb8+ Kg7 32.Rb7+ Kf8 1/2-1/2

[Event "Visma Chess GM"]
[Site "Vaxjo"]
[Date "2015.06.27"]
[Round "6"]
[White "Rusev, Krasimir"]
[Black "Smith, Axel"]
[Result "1-0"]
[WhiteElo "2541"]
[BlackElo "2452"]

1.Nf3 c5 2.c4 Nc6 3.e3 e6 4.d4 d5 5.cxd5 exd5 6.Bb5 Bd6 7.dxc5 Bxc5 8.O-O 
Nf6 9.b3 O-O 10.Bb2 Qe7 11.Nbd2 Bd7 12.Rc1 Bd6 13.Be2 Rac8 14.Nd4 Ne5 15.
N4f3 Nc6 16.Nb1 Be6 17.Nc3 a6 18.Qd3 Bb8 19.Rfd1 Rfd8 20.Qb1 h6 21.Na4 Ba7
22.Qa1 Ne8 23.Nd4 Bd7 24.Nxc6 Bxc6 25.Bg4 Ra8 26.Bd4 Bxa4 27.bxa4 Bxd4 28.
Qxd4 Nf6 29.Bf5 g6 30.Bh3 Ne4 31.g3 Rd6 32.Bg2 Rad8 33.Rc2 h5 34.Rdc1 R6d7
35.h4 Qf6 36.Qxf6 Nxf6 37.a5 Ne4 38.Rb1 Re7 39.Rb4 Kg7 40.Kf1 Rdd7 41.Ke2 
Rc7 42.Rbb2 Kf8 43.Kd3 Kg7 44.Kd4 Rcd7 45.a4 f5 46.Rb6 Rc7 47.Rxc7 Rxc7 
48.Kxd5 Rc5+ 49.Ke6 Rxa5 50.Rxb7+ Kh6 51.Bxe4 fxe4 52.Rb4 Rf5 53.Rxe4 Rxf2
54.Rf4 Re2 55.e4 g5 56.Rf6+ Kg7 57.e5 gxh4 58.gxh4 Re4 59.a5 Rxh4 60.Kf5 
Ra4 61.Rxa6 h4 62.Rg6+ Kf7 63.e6+ Ke7 64.Rg7+ Kf8 65.Rh7 Kg8 66.Ra7 Ra1 
67.Ra8+ Kg7 68.e7 1-0

[Event "Visma Chess GM"]
[Site "Vaxjo"]
[Date "2015.06.27"]
[Round "6"]
[White "Westerberg, Jonathan"]
[Black "Svane, Rasmus"]
[Result "1/2-1/2"]
[WhiteElo "2443"]
[BlackElo "2520"]

1.e4 c5 2.Nf3 e6 3.c3 d5 4.exd5 Qxd5 5.d4 Nf6 6.Na3 Nc6 7.Nb5 Qd8 8.dxc5 
Bxc5 9.Qxd8+ Kxd8 10.Bf4 Nd5 11.Rd1 Ke7 12.Rxd5 exd5 13.Nc7 Be6 14.Nxa8 
Rxa8 15.Bb5 d4 16.Bxc6 bxc6 17.Nxd4 Bxd4 18.cxd4 Bxa2 19.Kd2 Bd5 20.f3 a5 
21.Kd3 a4 22.Ra1 Kd7 23.Bd2 Rb8 24.Bc3 Ra8 25.Bb4 f6 26.Re1 Re8 27.Rxe8 
Kxe8 28.Ke3 Kf7 29.h4 h5 30.Kf4 Ke6 31.Ke3 Kf5 32.Bf8 g5 33.hxg5 fxg5 34.
Bd6 g4 35.fxg4+ hxg4 36.g3 Bb3 37.Kd2 Ke4 38.Kc3 Kd5 39.Bb8 c5 40.dxc5 
Kxc5 1/2-1/2

[Event "Visma Chess GM"]
[Site "Vaxjo"]
[Date "2015.06.27"]
[Round "6"]
[White "Johansson, Linus"]
[Black "Tari, Aryan"]
[Result "1/2-1/2"]
[WhiteElo "2391"]
[BlackElo "2521"]

1.d4 Nf6 2.c4 g6 3.g3 Bg7 4.Bg2 d5 5.cxd5 Nxd5 6.Nf3 Nb6 7.Nc3 Nc6 8.e3 
O-O 9.O-O Re8 10.Re1 a5 11.Qe2 Be6 12.Nd2 Nb4 13.Rd1 Qc8 14.a3 Na6 15.Rb1 
c6 16.b3 c5 17.Nb5 a4 18.Nc4 Nxc4 19.bxc4 cxd4 20.Nxd4 Bg4 21.Bf3 Bxf3 22.
Nxf3 Nc5 23.Bb2 Bxb2 24.Rxb2 Qc7 25.Rb4 Red8 26.Rd4 Rd7 27.Rxd7 Qxd7 28.
Rb5 Rc8 29.Qd2 Qc7 30.Qd5 e6 31.Qg5 Ne4 32.Qf4 Qxf4 33.gxf4 Rxc4 34.Rxb7 
Rc1+ 35.Kg2 Rc2 36.Ng5 Nxf2 37.Nxf7 Nd1+ 38.Kf3 Rc3 39.Ng5 Rxe3+ 40.Kg2 
Rb3 41.Ra7 Ne3+ 42.Kf2 Ng4+ 43.Ke2 Rxa3 44.Ra8+ Kg7 45.Ra7+ Kg8 46.Ra8+ 
Kg7 47.Ra7+ Kf8 48.h3 Ra2+ 49.Kd3 Nf2+ 50.Kd4 a3 51.Ke5 Ke8 52.Kd6 Rd2+ 
53.Kxe6 Re2+ 54.Kd6 Ne4+ 55.Nxe4 Rxe4 56.Rxa3 Rxf4 57.Ke6 Kf8 58.Ra7 Kg8 
59.Rb7 Rf3 60.h4 Rf4 61.h5 gxh5 62.Ke5 Rf1 63.Ke4 h4 64.Ke3 h3 65.Rb2 Kg7 
66.Rh2 Rb1 67.Kf2 Rb3 68.Kg1 Kg6 69.Ra2 Kg5 70.Kh2 h5 71.Ra5+ Kg4 72.Ra4+ 
Kf3 73.Kxh3 Rb1 74.Ra3+ Kf2 75.Ra2+ Kf3 76.Ra3+ 1/2-1/2

[Event "Visma Chess GM"]
[Site "Vaxjo"]
[Date "2015.06.27"]
[Round "6"]
[White "Fernandez, Daniel H"]
[Black "Ochsner, Bjorn Moller"]
[Result "1-0"]
[WhiteElo "2447"]
[BlackElo "2413"]

1.d4 Nf6 2.Nf3 g6 3.g3 Bg7 4.Bg2 c5 5.dxc5 Qa5+ 6.Nbd2 Ne4 7.c3 Nxd2 8.
Bxd2 Qxc5 9.O-O O-O 10.Qc1 Rd8 11.Rd1 Nc6 12.Bh6 Bh8 13.e4 d6 14.Be3 Qa5 
15.Qc2 Bd7 16.h3 Rac8 17.Kh2 Qc7 18.Bf1 Bg7 19.Rac1 b6 20.b3 Qb7 21.Qd2 
Nb8 22.Nd4 Nc6 23.Bg2 Nxd4 24.cxd4 Bc6 25.Qd3 Qd7 26.a4 Bb7 27.h4 f5 28.d5
Rxc1 29.Rxc1 Rc8 30.Bh3 Rxc1 31.Bxc1 e6 32.Be3 Qe7 33.dxe6 Qxe6 34.exf5 
Qd5 35.Qxd5+ Bxd5 36.b4 Bc3 37.fxg6 hxg6 38.a5 Bxb4 39.axb6 axb6 40.Bxb6 
Bf3 41.g4 Bc3 42.Kg3 Be2 43.Bg2 Bc4 44.Bc7 d5 45.g5 Kf7 46.Bf3 Bd2 47.Be5 
Ke6 48.Bf4 Bc3 49.Bg4+ Ke7 50.Bc7 Bd2 51.Be5 Bb4 52.Bf6+ Kf8 53.Be6 Bd6+ 
54.f4 Be7 55.Bd4 Bd3 56.Bxd5 Bb4 57.Be6 Be1+ 58.Bf2 Bc3 59.Bc5+ Kg7 60.Kf3
Bc2 61.Ke2 Kh7 62.Bf2 Kg7 63.Ke3 Kh7 64.Bd5 Bb2 65.Be4 Bc1+ 66.Kd4 Bb2+ 
67.Kd5 Bb3+ 68.Kd6 Bd1 69.Bd5 Ba3+ 70.Ke5 Bb4 71.Kf6 Bc2 72.Kf7 Bd2 73.Bg3
Bc3 74.Be6 Kh8 75.Bf2 Kh7 76.Bc5 Be1 77.Kf8 Bc3 78.Be7 Bd4 79.Bg8+ Kh8 80.
Bf6+ Bxf6 81.gxf6 1-0

[Event "Visma Chess IM A"]
[Site "Vaxjo"]
[Date "2015.06.27"]
[Round "6"]
[White "Milchev, Nikolay"]
[Black "Shkuran, Daniil"]
[Result "0-1"]
[WhiteElo "2395"]
[BlackElo "2389"]

1.e4 c6 2.Nc3 d5 3.Nf3 Bg4 4.h3 Bxf3 5.Qxf3 e6 6.d3 Nf6 7.a3 Be7 8.g4 Nfd7
9.Be2 d4 10.Nb1 e5 11.Nd2 Nf8 12.Qg3 Ng6 13.Nf3 Qd6 14.g5 Nd7 15.h4 Nf4 
16.Bf1 g6 17.Bh3 Nxh3 18.Rxh3 Qc5 19.Kd1 O-O-O 20.Bd2 Qb6 21.b3 Bd6 22.h5 
a5 23.a4 Qc5 24.Rb1 Kc7 25.b4 Qb6 26.b5 Rhe8 27.Be1 Bb4 28.Bxb4 axb4 29.
Rxb4 Qa5 30.Rxd4 Qc3 31.hxg6 hxg6 32.bxc6 bxc6 33.Rh7 Re7 34.Rc4 Qa1+ 35.
Kd2 Rb8 36.Nd4 Rb1 37.Ne2 Re1 38.Qg4 Nb6 39.Rb4 Qd1+ 40.Ke3 Qc1+ 41.Kf3 
Qd2 0-1

[Event "Visma Chess IM A"]
[Site "Vaxjo"]
[Date "2015.06.27"]
[Round "6"]
[White "Carstensen, Jacob"]
[Black "Rydstrom, Tom"]
[Result "0-1"]
[WhiteElo "2358"]
[BlackElo "2282"]

1.d4 Nf6 2.c4 e6 3.Nc3 b6 4.a3 Bb7 5.Nf3 d5 6.cxd5 exd5 7.Bg5 Be7 8.e3 O-O
9.Bd3 Nbd7 10.O-O Re8 11.Rc1 a6 12.b4 c5 13.bxc5 bxc5 14.Rb1 Bc6 15.dxc5 
Nxc5 16.Nd4 Bd7 17.Nf5 Bxf5 18.Bxf5 Qd6 19.Bc2 Red8 20.Bf4 Qc6 21.Ne2 Nfe4
22.Nd4 Qf6 23.Bc7 Rd7 24.Rb6 Nd6 25.Rc6 Ne6 26.Qh5 g6 27.Qxd5 Rxc7 28.Rxd6
Rac8 29.Rc6 Rxc6 30.Nxc6 Bxa3 31.Be4 Bf8 32.g3 Nc5 33.Bg2 Rc7 34.Rb1 Rd7 
35.Qa2 h5 36.h4 Qe6 37.Qxe6 Nxe6 38.Ne5 Ra7 39.Bd5 Kg7 40.Bxe6 fxe6 41.Nc6
Ra8 42.Nd4 e5 43.Ne6+ Kf7 44.Ng5+ Ke7 45.Rb7+ Kd6 46.Nf7+ Ke6 47.Ng5+ Kd5 
48.e4+ Kc6 49.Rf7 a5 50.Rf6+ Kb5 51.Nf3 a4 52.Re6 a3 53.Rxe5+ Kb4 54.Nd4 
a2 55.Kg2 Kc3 56.Ne2+ Kd2 57.Nd4 Kc3 58.Ne2+ Kc4 0-1

[Event "Visma Chess IM A"]
[Site "Vaxjo"]
[Date "2015.06.27"]
[Round "6"]
[White "Livner, Anders"]
[Black "Pettersson, Anders"]
[Result "1/2-1/2"]
[WhiteElo "2347"]
[BlackElo "2310"]

1.d4 f5 2.g3 Nf6 3.Bg2 g6 4.Nf3 Bg7 5.O-O O-O 6.b3 Ne4 7.Bb2 c5 8.Qc1 cxd4
9.Bxd4 Bxd4 10.Nxd4 Nc6 11.Nxc6 bxc6 12.c4 Qa5 13.Qb2 Rb8 14.e3 e5 15.Rd1 
Nf6 16.Nc3 e4 17.Ne2 Qc5 18.Rd4 a5 19.Nc3 d5 20.cxd5 cxd5 21.Rc1 Qd6 22.
Bf1 Be6 23.Rcd1 Qe5 24.Qa3 Ra8 25.h4 h6 26.Nb5 Rfd8 27.Ra4 g5 28.hxg5 hxg5
29.Rxa5 Rxa5 30.Qxa5 Rc8 31.Qd2 f4 32.Qd4 Qxd4 33.Nxd4 Bg4 34.Re1 fxg3 35.
fxg3 Bf3 36.b4 Ra8 37.Ra1 Ra3 38.Nb3 Kf7 39.b5 Nd7 40.Kf2 Ke7 41.Nd4 g4 
42.Nc2 Rc3 43.Nb4 Kd6 44.a4 Rb3 45.Nc6 Rb2+ 46.Kg1 Kc7 47.a5 Be2 48.Nd4 
Bxf1 49.Kxf1 Kb8 50.Rc1 Ne5 51.Nc6+ Nxc6 52.bxc6 Ra2 53.c7+ Kc8 54.Rc5 Ra4
55.Ke2 Ra2+ 56.Kd1 Ra3 57.Kd2 Rd3+ 58.Ke2 Ra3 59.Rxd5 Kxc7 60.Rg5 Ra2+ 61.
Kd1 Kd6 62.a6 Ke6 63.Rg8 Kd5 64.Ra8 Kc6 65.Kc1 Rf2 66.Rb8 Ra2 67.Re8 Kd5 
68.Ra8 Kc6 69.Kb1 Ra4 70.Kc2 Kb6 71.Rg8 Ra3 72.Rxg4 Rxe3 73.Rg6+ Ka7 74.
Kd2 Ra3 75.Ke2 Rf3 76.g4 Ka8 77.Rg7 Kb8 78.g5 Rg3 79.Kf2 Rg4 80.Ke3 Ka8 
81.Rg8+ Ka7 82.Rg6 Ka8 83.Rg7 Kb8 84.Rb7+ Ka8 85.Rb5 Ka7 86.Ra5 Rh4 87.Ra2
Rg4 88.Ra5 Rh4 89.Kd4 Rg4 90.Ke3 Rh4 91.Re5 Rg4 92.Rxe4 Rxg5 1/2-1/2